00989cam a2200241 a 450000100100000000500170001000800410002704000300006808200170009810000400011524500730015526000600022830000270028850400530031559000650036865000530043365000370048665000430052391000340056604900090060095201210060999900170073000001199120200929162640.0930928s1992 pr a b 000 0 spa  aDO-SdBNPbspacDLCdBNPHU a398.2bR666e1 aRobiou Lamarche, Sebastián.9966910aEncuentro con la mitología taína /cSebastián Robiou Lamarche. aSan Juan, Puerto Rico :bEditorial Punto y Coma,c1992. a82 p. :bil. ;c21 cm. aIncluye referencias bibliográficas (p. 73-80). aLa biblioteca posee 1 ejemplar autobiografiado por el autor. 4aIndios taínosxReligión y mitología928382 4aIndios taínosxLegendas928383 4aIndios taínosxAntigüedades928384 aCatalogación por copia / LC aBNGR 001052708MOaGRbGRcCTd2009-11-02iLF1l0o398.2 R666ep11991-10r2020-06-25w2020-06-25y2ZPréstamo interno c11660d11660